[Event "Pan American-ch U20"]
[Site "Duran"]
[Date "2011.06.05"]
[Round "1"]
[White "Ortiz Quishpi, Oscar"]
[Black "De Arco, Luis Carlos"]
[Result "0-1"]
[WhiteElo "1956"]
[BlackElo "2252"]
[PlyCount "66"]
[EventDate "2011.06.05"]
[EventType "swiss"]
[EventRounds "9"]
[EventCountry "ECU"]
[SourceTitle "EXT 2022"]
[Source "ChessBase"]
[SourceDate "2021.10.06"]
[SourceVersion "1"]
[SourceVersionDate "2021.10.06"]
[SourceQuality "1"]

1. e4 c5 2. Nf3 g6 3. Bc4 Nc6 4. d3 Bg7 5. 0-0 e6 6. c3 Nge7 7. Bb3 d5 8. Qe2 h6 9. Re1 0-0 10. Nbd2 b6 11. Nf1 d4 12. e5 dxc3 13. bxc3 Ba6 14. Bc4 b5 15. Bb3 b4 16. c4 Nf5 17. Bb2 Bb7 18. Ng3 Ncd4 19. Nxd4 Nxd4 20. Qe3 a5 21. Bd1 Qh4 22. Bxd4 cxd4 23. Qe2 h5 24. a3 bxa3 25. Rxa3 Rfc8 26. Qb2 Bf8 27. Ra2 Bb4 28. Re2 Qf4 29. Ra1 h4 30. Nf1 Bxg2 31. Kxg2 h3+ 32. Kxh3 Qf3+ 33. Ng3 Kg7 0-1

[Event "Pan American-ch U12"]
[Site "Cuenca"]
[Date "2006.08.??"]
[Round "1"]
[White "Aguilar Austria, Ruben"]
[Black "Ortiz Quishpi, Oscar"]
[Result "0-1"]
[WhiteElo "1650"]
[BlackElo "1667"]
[PlyCount "68"]
[EventDate "2006.08.??"]
[EventType "swiss"]
[EventRounds "9"]
[EventCountry "ECU"]
[SourceTitle "EXT 2022"]
[Source "ChessBase"]
[SourceDate "2021.10.06"]
[SourceVersion "1"]
[SourceVersionDate "2021.10.06"]
[SourceQuality "1"]

1. e4 c5 2. Nf3 a6 3. d4 cxd4 4. Nxd4 Nf6 5. Nc3 e5 6. Nf3 Bb4 7. Bd2 0-0 8. Qe2 Nc6 9. 0-0-0 d6 10. h3 Be6 11. a3 Ba5 12. g4 b5 13. Nd5 Bxd2+ 14. Rxd2 Bxd5 15. exd5 Ne7 16. Qd1 Qb6 17. Rh2 Rac8 18. g5 Ne4 19. Re2 Nc5 20. c3 Na4 21. Rc2 Qc5 22. Bg2 Qxd5 23. Nd2 Qa2 24. Nb1 Qa1 25. Be4 d5 26. Bh1 Nxb2 27. Rxb2 Rxc3+ 28. Rc2 Rxc2+ 29. Kxc2 Rc8+ 30. Kd3 e4+ 31. Ke2 Qb2+ 32. Nd2 Nf5 33. f4 Rc1 34. Qb3 Nd4+ 0-1